所有风洲城市 - Statistics

General Stats
  • This quiz has been taken 3 times
  • The average score is 2 of 362
Answer Stats
省份名 城市 % Correct
山南省 兰西
67%
古月省 金兰
67%
霜北省 霜叶城
67%
岭西省 岭西郡
33%
陵西省 丰实港
0%
陵西省 上台
0%
陵西省 武镇
0%
陵西省 高明
0%
陵西省 涿西
0%
陵西省 深埠
0%
陵西省 丰沂
0%
陵西省 殷宁
0%
陵西省 众中
0%
陵西省 台丰
0%
陵西省 芽镇
0%
陵西省 镇沙
0%
陵西省 港滨
0%
陵西省 长岚
0%
陵西省 芝岩
0%
陵西省 长湾
0%
陵西省 海尽
0%
陵西省 仓南
0%
陵西省 里中
0%
陵西省 广海
0%
陵西省 海岚
0%
陵西省 鱼湾
0%
陵西省 海央
0%
陵西省 水岗
0%
陵西省 桐海
0%
陵西省 长镇
0%
陵西省 定海
0%
陵东省 陵东郡
0%
陵东省 明日湾
0%
陵东省 深陵
0%
陵东省 明海
0%
陵东省 南海砥
0%
陵东省 北素
0%
陵东省 钦洋
0%
陵东省 申明
0%
陵东省 洋墟
0%
陵东省 通昌
0%
陵东省 剑江
0%
陵东省 珊瑚湾
0%
陵东省 前陵
0%
陵东省 上水
0%
岭西省 西沙
0%
岭西省 渔崖
0%
岭西省 南角羽
0%
岭西省 高灰海
0%
岭西省 雅云
0%
岭西省 灰海云
0%
岭西省 湾头
0%
岭西省 海垒
0%
岭西省 新云
0%
岭西省 松畔
0%
岭西省 花江
0%
岭西省 长松
0%
岭西省 热海
0%
岭西省 牟山
0%
海陵省 花连
0%
海陵省 海岩
0%
海陵省 南栏
0%
海陵省 北兰
0%
海陵省 新洲
0%
海陵省 新兰
0%
海陵省 青畔
0%
海陵省 高青
0%
海陵省 青洲
0%
海陵省 中祁
0%
海陵省 领沙
0%
海陵省 杜江
0%
海陵省 赤山
0%
海陵省 紫江
0%
海陵省 尘济
0%
海陵省 秋沙
0%
海陵省 畴畔
0%
蓝关省 怀北
0%
蓝关省 荔江
0%
蓝关省 奇江
0%
蓝关省 洛宁
0%
蓝关省 枝下
0%
蓝关省 坦江
0%
蓝关省 怀中
0%
蓝关省 快海
0%
蓝关省 仲江
0%
蓝关省 齐日
0%
蓝关省 东枝
0%
蓝关省 景同
0%
蓝关省 山海城
0%
蓝关省 东蓝
0%
蓝关省 枝花
0%
蓝关省 枝中
0%
蓝关省 沙潭
0%
蓝关省 叶城
0%
蓝关省 千汐
0%
蓝关省 庄塘
0%
蓝关省 光镇
0%
蓝关省 朗坪
0%
蓝关省 立文
0%
蓝关省 崇中
0%
蓝关省 崇文
0%
蓝关省 平宁
0%
蓝关省 进岭
0%
新月省 月沙
0%
新月省 古顺
0%
新月省 云自城
0%
新月省 江兰
0%
新月省 遥月
0%
新月省 明朔
0%
新月省 高禾
0%
新月省 草甸
0%
新月省 壳海
0%
新月省 小江
0%
新月省 前东
0%
新月省 上沙
0%
新月省 沙苍
0%
新月省 江花
0%
新月省 春兰
0%
新月省 沙坪
0%
新月省 前穹
0%
新月省 东海城
0%
锦江省 晴海
0%
锦江省 户畔
0%
锦江省 日月城
0%
锦江省 春坪
0%
锦江省 低萋
0%
锦江省 崖头
0%
锦江省 中山关
0%
锦江省 东晓
0%
锦江省 锦中镇
0%
锦江省 橙坪
0%
锦江省 大同
0%
锦江省 崇江
0%
锦江省 睦湖城
0%
锦江省 甘同
0%
锦江省 芳洲
0%
锦江省 春海
0%
锦江省 南桥
0%
锦江省 半青
0%
锦江省 东宁
0%
锦江省 弱海
0%
终海省 终海郡
0%
终海省 沙布
0%
终海省 晒泉
0%
终海省 高古
0%
终海省 西朗
0%
终海省 木彦
0%
终海省 雅迪
0%
终海省 岁芽
0%
终海省 布迪
0%
终海省 加坪
0%
终海省 外坪
0%
东沂省 上明
0%
东沂省 仲红
0%
东沂省 清水
0%
东沂省 璃定
0%
东沂省 上澜
0%
东沂省 中桥
0%
东沂省 中阳
0%
东沂省 东青
0%
东沂省 中冲
0%
东沂省 东涌
0%
东沂省 上青
0%
东沂省 行东
0%
东沂省 东阳
0%
东沂省 朔靖
0%
东沂省 行西
0%
东沂省 下明
0%
东沂省 阳明
0%
东沂省 仲青
0%
东沂省 今明
0%
东沂省 凭栏
0%
东沂省 晴中
0%
山南省 萧山
0%
山南省 西台
0%
山南省 灰岗
0%
山南省 望海
0%
山南省 下台
0%
山南省 高羽
0%
山南省 坪南
0%
山南省 台坪都
0%
山南省 青降
0%
山南省 仓北
0%
山南省 岗宁
0%
山南省 油塘
0%
山南省 远北都
0%
山南省 参香
0%
山南省 远南都
0%
山南省 江尽
0%
山南省 月镇
0%
浪岭省 浅陵湾
0%
浪岭省 小山
0%
浪岭省 岚明
0%
浪岭省 浪牙
0%
浪岭省 歧江
0%
浪岭省 高海
0%
浪岭省 地塘
0%
浪岭省 浪底
0%
浪岭省 许兰
0%
浪岭省 沙固
0%
浪岭省 水海
0%
浪岭省 沂汾
0%
浪岭省 大岭
0%
浪岭省 淇通
0%
浪岭省 迈澜
0%
岭向省 落星
0%
岭向省 星海
0%
岭向省 向落
0%
岭向省 西网
0%
岭向省 华城
0%
岭向省 快网
0%
岭向省 长户
0%
岭向省 七朔
0%
岭向省 八朔
0%
岭向省 九朔
0%
岭向省 重岭
0%
岭向省 峡西
0%
岭向省 布中
0%
岭向省 海固
0%
古月省 九江
0%
古月省 睦湾
0%
古月省 俞北
0%
古月省 星都
0%
古月省 绿江
0%
古月省 南河都
0%
古月省 九州
0%
古月省 若陵
0%
古月省 降岭
0%
古月省 北河都
0%
古月省 参定
0%
古月省 月塘
0%
古月省 光定
0%
古月省 北拓
0%
古月省 行沙
0%
古月省 俞中
0%
方北省 方北郡
0%
方北省 方凌
0%
方北省 庭月
0%
方北省 中北镇
0%
方北省 冰凌
0%
方北省 枝山
0%
方北省 外江
0%
方北省 方沙
0%
方北省 西海
0%
方北省 钦江
0%
方北省 镇北关
0%
方北省 大贝坪
0%
方北省 枝江
0%
方北省 水明
0%
方北省 钦南
0%
方北省 雪塘
0%
方北省 霜茜
0%
月云直辖省 月轮
0%
月云直辖省 上峡城
0%
月云直辖省 苔明
0%
月云直辖省 山云
0%
月云直辖省 千窟
0%
月云直辖省 月海
0%
北渊省 | 月云直辖省 山塘
0%
月云直辖省 月霖
0%
月云直辖省 飞云
0%
月云直辖省 中观
0%
月云直辖省 禾庄
0%
月云直辖省 北坪
0%
月云直辖省 静亭
0%
月云直辖省 新月
0%
月云直辖省 落宁
0%
月云直辖省 北月
0%
月云直辖省 云城
0%
月云直辖省 忠义
0%
月云直辖省 生明
0%
月云直辖省 东角羽
0%
月云直辖省 彩云
0%
月云直辖省 虹城
0%
浪坪省 浪坪都
0%
浪坪省 青水
0%
浪坪省 江中
0%
浪坪省 下沙
0%
浪坪省 草坪
0%
浪坪省 浪头
0%
浪坪省 深东都
0%
浪坪省 坪水
0%
浪坪省 牧东
0%
北渊省 新渊
0%
北渊省 五江
0%
北渊省 北济
0%
北渊省 云渊
0%
北渊省 崇岭
0%
北渊省 由坳
0%
北渊省 深海都
0%
北渊省 路凌
0%
北渊省 河源
0%
北渊省 长济
0%
白云省 白壑港
0%
白云省 忠塘
0%
白云省 前围
0%
白云省 白云
0%
白云省 南朗
0%
白云省 羝明
0%
白云省 白沙
0%
白云省 江瓶
0%
白云省 铜桥
0%
白云省 洋怀
0%
白云省 盐埔
0%
白云省 江殷
0%
白云省 息城
0%
白云省 马坪
0%
白云省 通沙
0%
白云省 景山
0%
白云省 大埔
0%
殷枫省 枫音
0%
殷枫省 十顷
0%
殷枫省 凌桥
0%
殷枫省 樵畔
0%
殷枫省 徐朗
0%
殷枫省 崇埠
0%
殷枫省 枫沙
0%
殷枫省 浔岗
0%
殷枫省 泾桥
0%
殷枫省 曲塘
0%
殷枫省 方亭
0%
殷枫省 长桥
0%
殷枫省 漕岗
0%
殷枫省 海斛
0%
殷枫省 央塘
0%
殷枫省 水桥
0%
殷枫省 水南都
0%
殷枫省 信岗
0%
殷枫省 湛州
0%
殷枫省 东降
0%
殷枫省 汉坪
0%
殷枫省 中降
0%
殷枫省 竹湾
0%
殷枫省 涯畔
0%
殷枫省 洛桥
0%
殷枫省 余明
0%
殷枫省 北殷
0%
殷枫省 史莱姆城
0%
殷枫省 海蓝城
0%
殷枫省 贴山
0%
荆洲省 黎定
0%
荆洲省 荆花
0%
荆洲省 荆山
0%
荆洲省 艾中
0%
荆洲省 小谷岛
0%
荆洲省 江沙
0%
霜北省 广华
0%
霜北省 平州
0%
霜北省 甘凉
0%
霜北省 镇东关
0%
霜北省 北坡
0%
霜北省 新杏城
0%
终沙省 终沙郡
0%
终沙省 黑河
0%
终沙省 南归
0%
终沙省 绿野
0%
终沙省 清崖
0%
终沙省 开坪
0%
终沙省 封峦
0%
终沙省 天北
0%
终沙省 低云
0%
No matching quizzes found
Score Distribution
Percent of People with Each Score
Percentile by Number Answered
Your Score History
You have not taken this quiz